MARC

LEADER 00000cam a2200000 7i4500
001 0000026232
005 20151008.0
008 150702 my a may
040 |a INS 
090 0 0 |a LA57 
110 1 |a Kursus pengambilan tanah : Pengumpulan data ,   |d 2014 17 - 20 Februari   |c INSPEN, Bangi 
245 0 0 |a Kursus pengambilan tanah : Pengumpulan data :   |b 17 - 20 Februari 2014   |c Anjuran Pusat Penilaian dan Perkhidmatan Harta, INSPEN 
260 |a Bangi :   |b Institut Penilaian Negara ,   |c 2014 
300 |a 1v. ( Various pagings ) :   |b ill. ;   |c 30 cm. 
650 0 |a Land acquisition and compensation 
710 1 |a INSPEN ( Institut Penilaian Negara ) 
856 |u http://app.inspen.gov.my:7779/pls/portal/docs/PAGE/CORPORATEPAGES/PORTAL_INSPEN/NOTA_KURSUS/LA/KURSUS%20PENGAMBILAN%20TANAH%20-%20PENGUMPULAN%20DATA.PDF 
999 |a LA00000131   |b BOOK   |c Course Notes   |e Default branch 
999 |a LA00000132   |b BOOK   |c Course Notes   |e Default branch 
999 |a LA00000133   |b BOOK   |c Course Notes   |e Default branch